Statistics for Hello in useful languages

Click here to take the quiz!

General Stats

  • This quiz has been taken 39 times
  • The average score is 8 of 10

Answer Stats

Hello/good dayLanguage% Correct
Hello/good dayEnglish
100%
Salut/bonjourFrench
95%
Ciao/buongiornoItalian
92%
Hola/buenos diasSpanish
92%
Hallo/guten TagGerman
89%
Hallo/goeden dagDutch
78%
Olá/bom diaPortuguese
78%
Privet/dobriy denRussian
70%
Salām/yawmoekaarabic
68%
Hej/goddagDanish
54%

Score Distribution

Percentile by Number Answered

Percent of People with Each Score

Your Score History

You have not taken this quiz